Chemical process principles (Record no. 19036)

000 -LEADER
fixed length control field 00586nam a22002171 4500
001 - CONTROL NUMBER
control field 19036
003 - CONTROL NUMBER IDENTIFIER
control field BD-DhUET
008 - FIXED-LENGTH DATA ELEMENTS--GENERAL INFORMATION
fixed length control field 840614m19549999nyua 000 0 eng
040 ## - CATALOGING SOURCE
Original cataloging agency DLC
Transcribing agency DLC
Modifying agency BD-DhUET
082 00 - DEWEY DECIMAL CLASSIFICATION NUMBER
Classification number 660.284
Item number HOU/1960
100 1# - MAIN ENTRY--PERSONAL NAME
Personal name Hougen, Olaf A.
245 10 - TITLE STATEMENT
Title Chemical process principles
250 ## - EDITION STATEMENT
Edition statement 2nd ed.
260 ## - PUBLICATION, DISTRIBUTION, ETC. (IMPRINT)
Place of publication, distribution, etc. New York
Name of publisher, distributor, etc. John Wiley & Sons
Date of publication, distribution, etc. 1959
300 ## - PHYSICAL DESCRIPTION
Extent xviii, (505-1072)p.
Other physical details illus
Dimensions 24 cm.
500 ## - GENERAL NOTE
General note Part- II, Thermodynamics
650 #0 - SUBJECT ADDED ENTRY--TOPICAL TERM
Topical term or geographic name as entry element Chemical engineering
700 ## - ADDED ENTRY--PERSONAL NAME
Personal name Watson, Kenneth M.
700 ## - ADDED ENTRY--PERSONAL NAME
Personal name Ragatz, Roland A.
942 ## - ADDED ENTRY ELEMENTS (KOHA)
Koha item type General Book
Holdings
Koha date last seen Koha item type Location (home branch) Shelving location Koha normalized classification for sorting Lost status Sublocation or collection (holding branch) Copy number Koha full call number Not for loan Piece designation (barcode) Source of classification or shelving scheme Damaged status Price effective from Withdrawn status Date acquired
2015-04-02General BookCentral Library, BUETCirculation section660_280000000000000_HOU_1959 Central Library, BUET1660.28/HOU/1959 17488  2015-04-02 2015-04-02
2015-05-11General BookCentral Library, BUETCirculation section660_280000000000000_HOU_1959 Central Library, BUET2660.28/HOU/1959 11360  2015-05-11 2015-05-11
2015-05-12General BookCentral Library, BUETCirculation section660_284000000000000_HOU_1960 Central Library, BUET3660.284/HOU/1960 1044  2015-05-12 2015-05-12
2015-05-12General BookCentral Library, BUETCirculation section660_284000000000000_HOU_1960 Central Library, BUET4660.284/HOU/1960 510  2015-05-12 2015-05-12
2015-05-18General BookCentral Library, BUETCirculation section660_284000000000000_HOU_1960 Central Library, BUET5660.284/HOU/1960 511  2015-05-18 2015-05-18
2015-05-18General BookCentral Library, BUETCirculation section660_284000000000000_HOU_1960 Central Library, BUET6660.284/HOU/1960 1045  2015-05-18 2015-05-18
2015-06-20Reading ItemCentral Library, BUETReading section660_280000000000000_HOU_1969 Central Library, BUET7660.28/HOU/1969 11359  2015-06-20 2015-06-20